[Event "v4camp2016"]
[Site "?"]
[Date "2016.06.23"]
[Round "4.28"]
[White "Meszaros, Marta Mira"]
[Black "Vavrinkova, Anna"]
[Result "0-1"]
[BlackElo "1333"]
[WhiteElo "1190"]
[LiveChessVersion "1.4.8"]

1. e4 {[%clk 1:30:58]} d5 {[%clk 1:30:53]} 2. d3 {[%clk 1:31:14]} Nc6
{[%clk 1:30:23]} 3. Nf3 {[%clk 1:31:20]} Bg4 {[%clk 1:29:28]} 4. Be2
{[%clk 1:31:25]} Nf6 {[%clk 1:29:05]} 5. e5 {[%clk 1:28:53]} Bxf3
{[%clk 1:25:06]} 6. Bxf3 {[%clk 1:26:21]} Nxe5 {[%clk 1:24:37]} 7. d4
{[%clk 1:25:23]} Nxf3+ {[%clk 1:23:55]} 8. Qxf3 {[%clk 1:25:42]} g6
{[%clk 1:23:50]} 9. Nc3 {[%clk 1:25:08]} c6 {[%clk 1:23:36]} 10. Bf4
{[%clk 1:24:29]} Bg7 {[%clk 1:23:05]} 11. O-O {[%clk 1:24:01]} Qb6
{[%clk 1:20:28]} 12. Qd3 {[%clk 1:18:01]} O-O {[%clk 1:19:13]} 13. Rfe1
{[%clk 1:16:03]} Rfe8 {[%clk 1:17:46]} 14. Rab1 {[%clk 1:15:59]} Ng4
{[%clk 1:15:27]} 15. Red1 {[%clk 1:13:14]} e5 {[%clk 1:10:51]} 16. Bg3
{[%clk 1:09:31]} Qxd4 {[%clk 1:09:13]} 17. Qe2 {[%clk 1:06:58]} Qc4
{[%clk 1:08:32]} 18. Qxc4 {[%clk 1:07:10]} dxc4 {[%clk 1:08:53]} 19. Re1
{[%clk 1:07:27]} f6 {[%clk 1:08:14]} 20. Rbd1 {[%clk 1:07:21]} Rad8
{[%clk 1:07:49]} 21. h3 {[%clk 1:04:02]} Nh6 {[%clk 1:07:59]} 22. Ne4
{[%clk 1:02:46]} Nf5 {[%clk 1:07:30]} 23. Bh2 {[%clk 1:00:50]} b6
{[%clk 1:06:58]} 24. Nc3 {[%clk 0:58:20]} Nd4 {[%clk 1:06:21]} 25. Rd2
{[%clk 0:57:46]} Bh6 {[%clk 1:06:17]} 26. Rdd1 {[%clk 0:55:31]} Nxc2
{[%clk 1:06:32]} 27. Rxd8 {[%clk 0:54:35]} Rxd8 {[%clk 1:06:55]} 28. Rf1
{[%clk 0:54:27]} Nb4 {[%clk 1:06:13]} 29. Ne4 {[%clk 0:54:00]} Kf7
{[%clk 1:04:59]} 30. Nc3 {[%clk 0:52:39]} Nd5 {[%clk 1:05:06]} 31. Rd1
{[%clk 0:50:40]} Ke7 {[%clk 1:05:03]} 32. Nxd5+ {[%clk 0:48:37]} Rxd5
{[%clk 1:05:10]} 33. Rxd5 {[%clk 0:48:55]} cxd5 {[%clk 1:05:34]} 34. Kf1
{[%clk 0:49:11]} Bc1 {[%clk 1:05:50]} 35. b3 {[%clk 0:47:17]} c3 {[%clk 1:06:14]}
36. Ke2 {[%clk 0:47:37]} e4 {[%clk 1:06:27]} 37. Kd1 {[%clk 0:46:46]} Ba3
{[%clk 1:06:43]} 38. Bg3 {[%clk 0:46:53]} d4 {[%clk 1:06:49]} 39. Kc2
{[%clk 0:47:10]} Bb2 {[%clk 1:06:31]} 40. Bf4 {[%clk 0:44:56]} d3+
{[%clk 1:06:47]} 41. Kd1 {[%clk 0:45:04]} c2+ {[%clk 1:06:23]} 42. Ke1
{[%clk 0:45:15]} c1=Q+ {[%clk 1:06:42]} 43. Bxc1 {[%clk 0:45:38]} Bxc1
{[%clk 1:07:05]} 44. Kd1 {[%clk 0:45:59]} d2 {[%clk 1:07:23]} 45. h4
{[%clk 0:46:20]} Kd6 {[%clk 1:07:39]} 46. g4 {[%clk 0:45:22]} f5 {[%clk 1:07:44]}
47. gxf5 {[%clk 0:45:13]} gxf5 {[%clk 1:08:09]} 48. Ke2 {[%clk 0:45:28]} Kd5
{[%clk 1:08:30]} 49. Kd1 {[%clk 0:45:42]} Kd4 {[%clk 1:08:51]} 50. Kc2
{[%clk 0:45:52]} f4 {[%clk 1:09:01]} 51. Kd1 {[%clk 0:46:01]} Kd3
{[%clk 1:09:15]} 52. h5 {[%clk 0:46:11]} e3 {[%clk 1:09:38]} 53. fxe3
{[%clk 0:46:27]} fxe3 {[%clk 1:09:59]} 54. h6 {[%clk 0:46:49]} e2#
{[%clk 1:10:24]} 0-1